Statistics for Best Player on Every Team: Premier League

Click here to take the quiz!

General Stats

  • This quiz has been taken 186 times
    (77 since last reset)
  • The average score is 17 of 20

Answer Stats

PlayerTeam% Correct
87Martin ØdegaardArsenal
100%
89Alisson | Mohamed Salah | Virgil van DijkLiverpool
100%
91Kevin De Bruyne | Erling HaalandManchester City
100%
89CasemiroManchester United
100%
87Heung Min SonTottenham Hotspur
100%
85Emiliano MartínezAston Villa
97%
86Christopher NkunkuChelsea
93%
82Jordan PickfordEverton
91%
86Sandro TonaliNewcastle United
90%
83PalhinhaFulham
87%
81Edson Álvarez | Lucas PaquetáWest Ham United
87%
79Eberechi Eze | Dean HendersonCrystal Palace
83%
79José SáWolverhampton Wanderers
83%
81Lewis DunkBrighton & Hove Albion
80%
81Ibrahim Sangaré | Odisseas VlachodimosNottingham Forest
78%
82Mark FlekkenBrentford
75%
74Ross Barkley | Ryan Giles | Tom Lockyer | Albert Sambi Lokonga | Marvelous NakambaLuton Town
74%
78Tyler Adams | Neto | Luis SinisterraBournemouth
71%
75Anel Ahmedhodžić | Wes Foderingham | Gustavo Hamer | Vinicius SouzaSheffield United
70%
78Mike TrésorBurnley
68%

Score Distribution

Percentile by Number Answered

Percent of People with Each Score

Your Score History

You have not taken this quiz since the last reset